Some Asian Capitals (no map) - Statistics

General Stats
  • This quiz has been taken 12 times
  • The average score is 24 of 27
Answer Stats
Country Capital % Correct
United Arab Emirates Abu Dhabi
100%
Thailand Bangkok
100%
China Beijing
100%
Bangladesh Dhaka
100%
Qatar Doha
100%
Pakistan Islamabad
100%
Israel Jerusalem
100%
India New Delhi
100%
Yemen Sana’s
100%
South Korea Seoul
100%
Japan Tokyo
100%
Vietnam Hanoi
92%
Indonesia Jakarta
92%
Afghanistan Kabul
92%
Malaysia Kuala Lumpur
92%
Kuwait Kuwait City
92%
Oman Muscat
92%
Saudi Arabia Riyadh
92%
Taiwan Taipei
92%
Iran Tehran
92%
Nepal Kathmandu
83%
Maldives Malé
83%
Bahrain Manama
83%
Singapore Singapore City
75%
Sri Lanka Colombo
67%
Tajikistan Dushanbe
50%
Mongolia Ulaanbatar
33%
No matching quizzes found
Score Distribution
Percent of People with Each Score
Percentile by Number Answered
Your Score History
You have not taken this quiz